000 00444nam a22001577a 4500
003 MPLRDC
005 20220104142809.0
008 210129b ||||| |||| 00| 0 eng d
082 _a051.5233 CJ v.27 1961
100 _a香港中文大学崇基学院编
245 _a崇基校刊. 第廿七期
_c
260 _a
_b香港中文大学崇基学院
_c1961
300 _b
650 _a学术纪要、学刊
942 _cBK
_o051.5233 CJ v.27 1961
999 _c33787
_d33777